Sed
Salvato in:
| Autore principale: | |
|---|---|
| Natura: | Libro |
| Lingua: | spagnolo |
| Pubblicazione: |
Valparaíso
Universitarias de Valparaíso
1978
|
| Serie: | Cruz del Sur
|
| Soggetti: | |
| Tags: |
Aggiungi Tag
Nessun Tag, puoi essere il primo ad aggiungerne!!
|
MARC
| LEADER | 00000nam a2200000 a 4500 | ||
|---|---|---|---|
| 001 | UCQ2280 | ||
| 003 | CL-VaPUC | ||
| 008 | 980724e19780000CL |||||||||||||||||spa|d | ||
| 082 | 0 | 4 | |a Ch861 |b GUZ |2 21 |
| 100 | 0 | |a Guzmán Cruchaga, Juan |e author |9 390337 | |
| 245 | 1 | 0 | |a Sed |
| 300 | |a 79 p | ||
| 942 | |c BK | ||
| 945 | |d 19980724 00:00:00 |a lriquelm | ||
| 260 | |a Valparaíso |b Universitarias de Valparaíso |c 1978 | ||
| 650 | 0 | |a Poesías chilenas |9 265280 | |
| 650 | 0 | |a Literatura chilena |9 308278 | |
| 583 | |a last modification |c 19980724 00:00:00 |k Rodrigo Vera | ||
| 490 | 0 | |a Cruz del Sur | |
| 999 | |c 273117 |d 273115 | ||
| 952 | |0 0 |1 0 |4 0 |6 CH_861_000000000000000_GUZ_1978 |7 0 |8 A |9 308434 |a BIBEDU |b BIBEDU |d 2019-11-20 |i 1444174 |o Ch861 GUZ 1978 |p 1444174 |r 2019-11-20 |w 2019-11-20 |y BK |k LIT | ||
| 952 | |0 0 |1 0 |4 0 |6 CH_861_000000000000000_GUZ_1978 |7 0 |8 A |9 308435 |a BIBEDU |b BIBEDU |d 2019-11-20 |i 1444123 |o Ch861 GUZ 1978 |p 1444123 |r 2019-11-20 |w 2019-11-20 |y BK |k LIT | ||